Quiz du gang des T-C - Statistiques

Statistiques générales
  • Ce quiz a été pris 5 fois
  • Le résultat moyen est 4 sur 22
Statistiques - réponses
Question Réponse % Correct
Qui fais le/la plus semblant d'être malade pour sécher les cours ? Anaïs
100%
Qui juge le plus ? Alexis
50%
Qui est le/la plus hypocrite ? Alexis
50%
Qui serait le/la plus susceptible d'avoir un sugar daddy ? Alexis
50%
Qui est le/la plus aigri du groupe ? Alycia
50%
Qui bouffe tout le temps ? Anaïs
50%
Qui s'est fait friendzone mais continue de parler à la personne en question ? Alexis
0%
Qui est le/la plus dépensier(e) ? Alexis
0%
Qui raffole le plus de potins ? Alexis
0%
Qui finira par faire les trottoirs ? Alexis
0%
Qui est le fils/la fille à papa ? Alycia
0%
Qui sèche le plus ? Alycia
0%
Qui a une copien qui a plus tourné que la grande roue ? Alycia
0%
Qui se prend h24 en snap ? (supplément filtres) Alycia
0%
Qui a toujours raison ? Anaïs
0%
Qui est le/la plus bilingue ? Anaïs
0%
Qui est le/la plus sensible ? Anaïs
0%
Qui est le/la plus sportif/sportive ? Émilie
0%
Qui est le/la plus bavard(e) ? Émilie
0%
Qui est le/la plus de bonne humeur ? Émilie
0%
Qui a hâte d'être le 10 mai ? Émilie
0%
Qui pousse le/la plus à la salle ? Émilie
0%
Aucun quiz correspondant
Distribution des résultats
% des personnes avec chaque résultat
Percentile par nombre de réponses
Votre historique - résultats
Vous n’avez pas pris ce quiz